000 02087cam a22004694i 4500
003 PE-LiUPU
005 20250731172937.0
008 150623s r 000 0 d
020 _a0802842585
035 _a(Sirsi) i9780802842589
040 _aPE-LiUPU
_bspa
_cPE-LiUPU
_erda
049 _aPRUA
082 0 4 _a225.924
_bW48
_221
100 1 _aWesterholm, Stephen,
_eautor.
245 1 0 _aPreface to the study of Paul /
_cStephen Westerholm.
264 1 _aMichigan :
_bWilliam B. Eerdmans Publishing Company,
_c1997.
300 _a128 páginas ;
_c23 centímetros
336 _atext
_2rdacontent
337 _aunmediated
_2rdamedia
338 _avolume
_2rdacarrier
505 0 _aThe commission and its context (Romans 1:1-15). -Intuitions of Goodness - and Divine tzedakah (Romans 1:16-17). -War against goodness (Romans 1:18-32). -Israel joins the fray (Romans 2:1-3:20). -The divine counter (Romans 3:21-31). -Faith's awakening (Romans 4:1-25). -Just cause for joy (Romans 5:1-11). -Freedom versus freedom (Romans 5:12-6:23). -The goals and goodness of the law (Romans 7:1-8:13). -At home in the cosmos (Romans 8:14-39). -The triumph of God in history (Romans 9:1-11:36). -On living the the good life (Romans 12:1-16:27). -Index.
526 _aSEG42
526 _aSEG41
526 _aSEG40
526 _aSEG39
526 _aP94
526 _aP87
526 _aP86
526 _aP85
526 _aP77
526 _aP76
526 _aP35
600 1 _aPablo de Tarso.
_d2 a. C. - c. 66 d. C.
630 _aBiblia.
_pN.T.
_pEpístolas de Pablo
_xEstudio y enseñanza.
630 _aBiblia.
_pN.T.
_pRomanos
_xCrítica, interpretación, etc.
942 _2ddc
_cBOOK
949 _a225.924 W48
_wDEWEY
_c1
_i44436
_lCCODEBUL1
_mBUL
_r0
_sY
_tBOOK
_u2015-6-24
_xTEOLOGIA
_PP35
_0COMPRA
_o.STAFF. Colección General
994 _aC0
_bPEPRU
596 _a1
999 _a225.924 W48
_wDEWEY
_c21313
_i44436
_f2021-11-9
_g5
_lCCODEBUL1
_mBUL
_r0
_sY
_tBOOK
_u2015-6-24
_xTEOLOGIA
_PP35
_0COMPRA
_o.STAFF. Colección General
_d21313
980 _81
_gALBERTO SANCHEZ Responsable de Automatización